Mayor Oreja (Record no. 47710)

MARC details
000 -LEADER
campo de control de longitud fija 00998nam a2200301 i 4500
001 - NÚMERO DE CONTROL
campo de control 47710
003 - IDENTIFICADOR DE NÚMERO DE CONTROL
campo de control ES-MaACL
005 - FECHA Y HORA DE LA ÚLTIMA TRANSACCIÓN
campo de control 20231107191847.0
007 - CAMPO FIJO DE DESCRIPCIÓN FÍSICA--INFORMACIÓN GENERAL
campo de control de longitud fija t|
008 - DATOS DE LONGITUD FIJA--INFORMACIÓN GENERAL
campo de control de longitud fija 020417s2001 sp ||||0| spa j
020 ## - NÚMERO INTERNACIONAL ESTÁNDAR DEL LIBRO
Número Internacional Estándar del Libro 84-9734-008-6
040 ## - FUENTE DE CATALOGACIÓN
Centro catalogador/agencia de origen M-BN
Lengua de catalogación spa
Centro/agencia transcriptor M-BN
080 ## - NÚMERO DE LA CLASIFICACIÓN DECIMAL UNIVERSAL
Número de la Clasificación Decimal Universal 32(460.15)"1975/..."
080 ## - NÚMERO DE LA CLASIFICACIÓN DECIMAL UNIVERSAL
Número de la Clasificación Decimal Universal 929 Mayor Oreja, Jaime
100 1# - ENTRADA PRINCIPAL--NOMBRE DE PERSONA
Nombre de persona San Sebastián, Isabel.
9 (RLIN) 102307
245 10 - MENCIÓN DEL TÍTULO
Título Mayor Oreja
Resto del título : una victoria frente al miedo /
Mención de responsabilidad, etc. Isabel San Sebastián ; prólogo de Adolfo Suárez.
250 ## - MENCION DE EDICION
Mención de edición 1ª ed.
260 ## - PUBLICACIÓN, DISTRIBUCIÓN, ETC.
Lugar de publicación, distribución, etc. Madrid :
Nombre del editor, distribuidor, etc. La Esfera de los Libros,
Fecha de publicación, distribución, etc. 2001.
300 ## - DESCRIPCIÓN FÍSICA
Extensión 317 p., [32] p. de lám. ;
Dimensiones 25 cm.
490 1# - MENCIÓN DE SERIE
Mención de serie La Esfera biografías
500 ## - NOTA GENERAL
Nota general Indice.
600 14 - PUNTO DE ACCESO ADICIONAL DE MATERIA--NOMBRE DE PERSONA
Nombre de persona Mayor Oreja, Jaime-
Subdivisión general Biografías.
9 (RLIN) 79414
651 #4 - PUNTO DE ACCESO ADICIONAL DE MATERIA--NOMBRE GEOGRÁFICO
Nombre geográfico País Vasco-
Subdivisión general Política y gobierno-
Subdivisión cronológica 1975-1980.
9 (RLIN) 9159
700 1# - ENTRADA AGREGADA--NOMBRE PERSONAL
Nombre de persona Suárez, Adolfo,
Fechas asociadas al nombre 1932-2014
9 (RLIN) 164828
830 0# - PUNTO DE ACCESO ADICIONAL DE SERIE-TÍTULO UNIFORME
Título uniforme La Esfera biografías
9 (RLIN) 193250
852 ## - LOCALIZACIÓN
Ubicación ES-MaACL
Número de control de estantería L-26341
Sublocalización o colección R.131346
Holdings
Estatus retirado Estado de pérdida Estado de daño No para préstamo Biblioteca de origen Biblioteca actual Ubicación en estantería Fecha de adquisición Fuente de adquisición Total de préstamos Signatura topográfica completa Código de barras Visto por última vez Precio de reemplazo Tipo de ítem Koha
        Biblioteca del Ateneo de Madrid Biblioteca del Ateneo de Madrid Depósito 2 17/01/2008     L-26341 1050202 23/02/2023 23/02/2023 Libro impreso